| 000 | 00655nam a22001577a 4500 | ||
|---|---|---|---|
| 003 | OSt | ||
| 005 | 20150913083855.0 | ||
| 008 | 150913b xxu||||| |||| 00| 0 eng d | ||
| 040 | _cRUA | ||
| 082 | _aAGR HEA 1996 B016 Or.1 | ||
| 100 |
_9356 _aHEAS. KHEMARA |
||
| 245 | _aVegertabe farmers' practice in crop protection a case study in kien svay district kandal province របៀបការពារ និងកំចាត់សត្វល្អិតលើដំណាំបន្លែនៅស្រុកកៀនស្វាយ ខេត្តកណ្តាល | ||
| 260 |
_aPhnom Penh _bRUA _c1996 |
||
| 300 |
_a40p. _bill. _c29cm. |
||
| 942 |
_2ddc _cAGR |
||
| 999 |
_c339 _d339 |
||